000 00293nam a2200109 4500
008 160624b xxu||||| |||| 00| 0 eng d
100 _9933
_a Blyton, G
245 _aThe Mystery of Holly Lane
260 _aLon
_b Harper Collins Pub.
_c1992
300 _aThe Mystery of Holly Lane
942 _2ddc
_cBK
999 _c743
_d743